[Event "4NCL Division 3"]
[Site "Daventry Court ENG"]
[Date "2015.05.04"]
[Round "11.99"]
[White "Bryant, Richard BE"]
[Black "Gazis, George"]
[Result "1-0"]
[WhiteElo "2020"]
[BlackElo "1767"]
[PlyCount "41"]
[EventDate "2015.05.04"]

1. e4 c5 2. Nc3 Nc6 3. f4 g6 4. Nf3 Bg7 5. Bb5 Nd4 6. Bd3 d6 7. Nxd4 Bxd4 8.
Ne2 Bg7 9. c3 e6 10. O-O Ne7 11. Ng3 O-O 12. f5 exf5 13. exf5 Nc6 14. Bb5 Qh4
15. fxg6 hxg6 16. Bxc6 bxc6 17. Qf3 Bg4 18. Qf2 Rae8 19. d3 Be5 20. Bf4 Kg7 21.
Nf5+ 1-0

[Event "4NCL Division 3"]
[Site "Daventry Court ENG"]
[Date "2015.05.04"]
[Round "11.99"]
[White "Robinson, Brian"]
[Black "Paul, Nathanael"]
[Result "0-1"]
[WhiteElo "1587"]
[BlackElo "1967"]
[PlyCount "106"]
[EventDate "2015.05.04"]

1. d4 Nf6 2. Nf3 e6 3. e3 b6 4. g3 Bb7 5. Bg2 Be7 6. O-O O-O 7. c4 d6 8. Nc3
Nbd7 9. Re1 Ne4 10. Qc2 Nxc3 11. bxc3 f5 12. a4 Qc8 13. Bb2 Be4 14. Qd1 Qb7 15.
Qe2 g5 16. a5 Rae8 17. Reb1 c5 18. Ne1 g4 19. Bxe4 Qxe4 20. axb6 axb6 21. Qd3
Nf6 22. Bc1 Qxd3 23. Nxd3 Bd8 24. Bd2 Ne4 25. Be1 h5 26. Nf4 h4 27. d5 exd5 28.
cxd5 hxg3 29. hxg3 Ng5 30. Ra7 Rf7 31. Rba1 Bf6 32. R1a6 Rxa7 33. Rxa7 Nf3+ 34.
Kf1 Nxe1 35. Kxe1 Bxc3+ 36. Kd1 b5 37. Ne2 Be5 38. Rb7 b4 39. Nc1 Ra8 40. Nd3
Ra1+ 41. Ke2 Ra2+ 42. Kf1 Rd2 43. Nxb4 cxb4 44. Rxb4 Rxd5 45. Rb7 Rd2 46. Ke1
Ra2 47. Kf1 Ra8 48. Rd7 Rf8 49. Ke2 Rf7 50. Rxf7 Kxf7 51. Kd3 Ke6 52. e4 f4 53.
gxf4 Bxf4 0-1

[Event "4NCL Division 3"]
[Site "Daventry Court ENG"]
[Date "2015.05.04"]
[Round "11.99"]
[White "Hamer, Martyn"]
[Black "Van Kemenade, Rudy"]
[Result "1/2-1/2"]
[WhiteElo "2035"]
[BlackElo "1973"]
[PlyCount "58"]
[EventDate "2015.05.04"]

1. Nf3 Nf6 2. c4 g6 3. g3 Bg7 4. Bg2 O-O 5. O-O d6 6. d4 Nc6 7. Nc3 e5 8. d5
Ne7 9. c5 Ne8 10. cxd6 Nxd6 11. e4 h6 12. Re1 g5 13. b3 Ng6 14. Ba3 f5 15. Nd2
f4 16. Nc4 Rf7 17. Nxd6 cxd6 18. Rc1 Bf8 19. Rc2 Bd7 20. Bf3 Qf6 21. Bg4 a6 22.
Bxd7 Rxd7 23. Na4 Qd8 24. Qg4 b5 25. Nb6 Qxb6 26. Qxd7 Qa5 27. Rec1 Qxa3 28.
Rc7 Ne7 29. Qe6+ Kh8 1/2-1/2

[Event "4NCL Division 3"]
[Site "Daventry Court ENG"]
[Date "2015.05.04"]
[Round "11.99"]
[White "Bevan, Peter M"]
[Black "Jaques, Andrew"]
[Result "1-0"]
[WhiteElo "1984"]
[BlackElo "2042"]
[PlyCount "115"]
[EventDate "2015.05.04"]

1. c4 g6 2. g3 Bg7 3. Bg2 d6 4. d3 Nf6 5. Nc3 O-O 6. Nf3 Nc6 7. O-O e5 8. Rb1
a5 9. a3 Nd4 10. Nxd4 exd4 11. Ne4 Nxe4 12. Bxe4 c6 13. b4 axb4 14. axb4 Be6
15. b5 d5 16. bxc6 bxc6 17. cxd5 Bxd5 18. Bxd5 Qxd5 19. Qb3 Qxb3 20. Rxb3 Ra2
21. Bb2 Re8 22. Rc1 h5 23. Kf1 Rc8 24. Ra1 Rxa1+ 25. Bxa1 c5 26. Kg2 Kf8 27.
Rb7 Bh6 28. Bb2 Ra8 29. Kf3 Bd2 30. e3 dxe3 31. fxe3 Ra2 32. Bf6 Ra8 33. Be7+
Ke8 34. Bxc5 f5 35. Rg7 Ra6 36. Kf4 Re6 37. Kg5 Bxe3+ 38. Bxe3 Rxe3 39. Rxg6
Rxd3 40. Kxh5 f4 41. g4 Rh3+ 42. Kg5 f3 43. Rf6 Rxh2 44. Rxf3 Ra2 45. Kh6 Rh2+
46. Kg6 Rg2 47. g5 Ke7 48. Kh7 Rh2+ 49. Kg7 Rg2 50. g6 Ke6 51. Kh7 Rh2+ 52. Kg8
Rg2 53. g7 Ke7 54. Re3+ Kd6 55. Kf8 Rf2+ 56. Ke8 Rg2 57. Re7 Rg1 58. Kf8 1-0

[Event "4NCL Division 3"]
[Site "Daventry Court ENG"]
[Date "2015.05.04"]
[Round "11.99"]
[White "Lyth, John.D"]
[Black "Taylor, Robert G"]
[Result "1-0"]
[WhiteElo "1960"]
[BlackElo "1946"]
[PlyCount "69"]
[EventDate "2015.05.04"]

1. d4 Nf6 2. Nf3 g6 3. g3 Bg7 4. Bg2 O-O 5. O-O d6 6. c4 Nc6 7. Nc3 e5 8. d5
Ne7 9. e4 h6 10. Ne1 Nd7 11. Nd3 f5 12. f4 a6 13. Qd2 exf4 14. Nxf4 Ne5 15. b3
fxe4 16. Bxe4 Nf5 17. Nfe2 Qe7 18. Ba3 Kh7 19. Rae1 Bd7 20. Nf4 Qg5 21. Bc1 Ng4
22. Qd3 Bd4+ 23. Kg2 Ne5 24. Qc2 Qe7 25. Qd2 Bxc3 26. Qxc3 Rae8 27. Bd2 Rf6 28.
Nd3 Qf7 29. Nxe5 Rxe5 30. Qd3 h5 31. Bg5 Qg7 32. Bxf6 Qxf6 33. Bxf5 Bxf5 34.
Qd2 b6 35. Rf2 {Time} 1-0

[Event "4NCL Division 3"]
[Site "Daventry Court ENG"]
[Date "2015.05.04"]
[Round "11.99"]
[White "Hatchett, Paul D"]
[Black "Collins, Richard.A"]
[Result "1/2-1/2"]
[WhiteElo "1992"]
[BlackElo "1937"]
[PlyCount "50"]
[EventDate "2015.05.04"]

1. e4 d6 2. d4 e5 3. Nf3 exd4 4. Nxd4 Nf6 5. Nc3 Nc6 6. Be2 Nxd4 7. Qxd4 Be7 8.
Be3 a6 9. O-O O-O 10. h3 b6 11. Rad1 Bb7 12. f4 Nd7 13. Bf3 Nc5 14. Nd5 Ne6 15.
Qc3 Bxd5 16. Rxd5 Qe8 17. f5 Bf6 18. e5 dxe5 19. fxe6 e4 20. Qxc7 exf3 21. Qg3
fxe6 22. Rd6 fxg2 23. Qxg2 Bxb2 24. Rxf8+ Qxf8 25. Rxb6 Bf6 1/2-1/2

[Event "4NCL Division 3"]
[Site "Daventry Court ENG"]
[Date "2015.05.04"]
[Round "11.99"]
[White "Taylor, Mark"]
[Black "O'Donnell, David"]
[Result "1-0"]
[WhiteElo "1885"]
[BlackElo "1946"]
[PlyCount "61"]
[EventDate "2015.05.04"]

1. e4 e6 2. d4 d5 3. Nc3 Bb4 4. e5 Ne7 5. Bd2 c5 6. Nb5 Bxd2+ 7. Qxd2 cxd4 8.
Nd6+ Kf8 9. Qxd4 Nbc6 10. Qf4 Nf5 11. Nxf5 exf5 12. Nf3 Be6 13. Bd3 g6 14. Qh6+
Ke7 15. O-O Qf8 16. Qh4+ Kd7 17. c3 Qc5 18. Rfd1 Kc7 19. b4 Qe7 20. Qf4 h6 21.
a4 g5 22. Qe3 f4 23. Qe1 Rag8 24. b5 Na5 25. Nd4 g4 26. c4 Kb8 27. Qxa5 f3 28.
cxd5 g3 29. hxg3 Qc5 30. dxe6 Qxd4 31. Bh7 1-0

[Event "4NCL Division 3"]
[Site "Daventry Court ENG"]
[Date "2015.05.04"]
[Round "11.99"]
[White "Smith, Chris P"]
[Black "Clissold, Julian.C"]
[Result "0-1"]
[WhiteElo "1504"]
[BlackElo "1892"]
[PlyCount "88"]
[EventDate "2015.05.04"]

1. d4 Nf6 2. c4 g6 3. Nc3 d5 4. cxd5 Nxd5 5. e4 Nxc3 6. bxc3 Bg7 7. Nf3 O-O 8.
Rb1 c5 9. Be2 Nc6 10. d5 Bxc3+ 11. Bd2 Bxd2+ 12. Qxd2 Na5 13. Qc3 b6 14. Ne5 f6
15. Ng4 Bxg4 16. Bxg4 Nb7 17. Be6+ Kg7 18. h4 Qd6 19. Rh3 Qe5 20. Qxe5 fxe5 21.
h5 Nd6 22. f3 Nf7 23. Bxf7 Kxf7 24. hxg6+ hxg6 25. Rh7+ Kf6 26. Kd2 Rh8 27.
Rbh1 Rxh7 28. Rxh7 Rf8 29. g3 Rf7 30. Rh8 e6 31. dxe6 Kxe6 32. Ke3 Rd7 33. Ra8
c4 34. Rc8 b5 35. Rc5 a6 36. a4 Kd6 37. Rd5+ Kc6 38. axb5+ axb5 39. Rxe5 c3 40.
Re6+ Kc5 41. Re5+ Kc4 42. Re8 Rc7 43. Rd8 Kb3 44. Rb8 b4 0-1

[Event "4NCL Division 3"]
[Site "Daventry Court ENG"]
[Date "2015.05.04"]
[Round "11.165"]
[White "Richardson, Keith B"]
[Black "Savage, Nicholas W"]
[Result "1/2-1/2"]
[WhiteElo "2065"]
[BlackElo "2072"]
[PlyCount "26"]
[EventDate "2015.05.04"]
[WhiteTeam "BCM Rhinos [2]"]
[BlackTeam "Iceni 1"]

1. c4 Nf6 2. Nc3 d5 3. cxd5 Nxd5 4. d4 g6 5. Nf3 Bg7 6. g3 O-O 7. Bg2 c5 8. O-O
Nxc3 9. bxc3 Nc6 10. dxc5 Qa5 11. Be3 Qxc3 12. Rb1 Rd8 13. Qa4 Qa5 1/2-1/2

[Event "4NCL Division 3"]
[Site "Daventry Court ENG"]
[Date "2015.05.04"]
[Round "11.166"]
[White "Reynolds, D Ian W"]
[Black "Stayt, James N"]
[Result "1-0"]
[WhiteElo "2067"]
[BlackElo "1976"]
[PlyCount "59"]
[EventDate "2015.05.04"]
[WhiteTeam "Iceni 1"]
[BlackTeam "BCM Rhinos [2]"]

1. e4 e6 2. d3 d5 3. Nd2 Nf6 4. Ngf3 c5 5. g3 Be7 6. Bg2 Nc6 7. O-O O-O 8. e5
Nd7 9. Re1 Qc7 10. Qe2 b6 11. Nf1 a5 12. Bf4 Ba6 13. h4 c4 14. dxc4 Bxc4 15.
Qd1 Rfd8 16. Ne3 Nf8 17. Nxc4 dxc4 18. Qe2 Nb4 19. Ng5 h6 20. Ne4 Nd5 21. Qg4
Nxf4 22. gxf4 Rac8 23. Re3 Nh7 24. Rg3 g6 25. h5 Nf8 26. hxg6 fxg6 27. Rh3 Kg7
28. Ng3 Qd7 29. Be4 Kh7 30. Qh5 1-0

[Event "4NCL Division 3"]
[Site "Daventry Court ENG"]
[Date "2015.05.04"]
[Round "11.167"]
[White "Amato, Giampiero"]
[Black "Peters, John A"]
[Result "1-0"]
[WhiteElo "1934"]
[BlackElo "1976"]
[PlyCount "73"]
[EventDate "2015.05.04"]
[WhiteTeam "BCM Rhinos [2]"]
[BlackTeam "Iceni 1"]

1. e4 Nf6 2. e5 Nd5 3. Nc3 Nxc3 4. bxc3 d6 5. f4 dxe5 6. fxe5 Qd5 7. d4 c5 8.
Nf3 Qe4+ 9. Be2 Bf5 10. Rb1 Nd7 11. O-O Qxc2 12. Qxc2 Bxc2 13. Rxb7 Be4 14. Rb5
Bc6 15. Ra5 h6 16. Ba3 e6 17. Rb1 cxd4 18. Bxf8 Rxf8 19. Nxd4 Be4 20. Rb4 Bd5
21. Nb5 Kd8 22. Nxa7 Nxe5 23. Rba4 Rb8 24. c4 Bc6 25. Ra3 Rb1+ 26. Kf2 f6 27.
Nxc6+ Nxc6 28. Rb5 Rxb5 29. cxb5 Nb8 30. Ra7 g5 31. a4 f5 32. a5 e5 33. a6 Nd7
34. Rb7 Kc8 35. Bc4 Nc5 36. Rh7 Ne4+ 37. Ke1 1-0

[Event "4NCL Division 3"]
[Site "Daventry Court ENG"]
[Date "2015.05.04"]
[Round "11.168"]
[White "Feavyour, John A"]
[Black "Jeffries, Majid"]
[Result "1-0"]
[WhiteElo "2013"]
[BlackElo "1993"]
[PlyCount "113"]
[EventDate "2015.05.04"]
[WhiteTeam "Iceni 1"]
[BlackTeam "BCM Rhinos [2]"]

1. d4 Nf6 2. c4 e6 3. Nc3 d5 4. Bg5 Nbd7 5. cxd5 exd5 6. e3 Be7 7. Bd3 O-O 8.
Nf3 c6 9. O-O Re8 10. Qc2 h6 11. Bh4 Ne4 12. Bxe7 Qxe7 13. b4 Ndf6 14. b5 Qb4
15. Bxe4 Nxe4 16. Nxe4 dxe4 17. Rab1 Qe7 18. Ne5 cxb5 19. Rxb5 b6 20. Rc1 Ba6
21. Rb2 Rac8 22. Qd2 f6 23. Nc6 Qd7 24. Rbc2 Kh7 25. Nb4 Bb5 26. a3 a5 27. Na2
Bd3 28. Rxc8 Rxc8 29. Rc3 b5 30. f3 Rb8 31. Nc1 b4 32. axb4 axb4 33. Rb3 Qa4
34. Qa2 Qb5 35. Nxd3 exd3 36. Qd2 Rc8 37. Rxb4 Rc1+ 38. Qxc1 Qxb4 39. Kf2 f5
40. g4 fxg4 41. fxg4 Qd6 42. Qh1 Qe6 43. Qb1 Qe4 44. h3 Kg6 45. h4 Qxg4 46.
Qxd3+ Kh5 47. Qb5+ Kxh4 48. Qe5 Qd7 49. d5 Qf7+ 50. Ke2 g5 51. Qe6 Qh5+ 52. Kd3
Qd1+ 53. Ke4 Qh1+ 54. Kf5 Qf3+ 55. Kg6 Qh5+ 56. Kg7 g4 57. d6 1-0

[Event "4NCL Division 3"]
[Site "Daventry Court ENG"]
[Date "2015.05.04"]
[Round "11.99"]
[White "Botham, C Paul"]
[Black "Fowler, David W"]
[Result "0-1"]
[WhiteElo "2001"]
[BlackElo "1885"]
[PlyCount "162"]
[EventDate "2015.05.04"]

1. c4 c6 2. Nf3 d5 3. e3 Nf6 4. b3 Bg4 5. Bb2 e6 6. Be2 Nbd7 7. O-O Be7 8. Nc3
O-O 9. Rc1 Ne4 10. d3 Nxc3 11. Bxc3 Bf6 12. cxd5 exd5 13. Nd4 Bxe2 14. Nxe2
Bxc3 15. Rxc3 Qf6 16. Qd2 Ne5 17. b4 a6 18. a4 Qh4 19. Nd4 f5 20. f4 Ng4 21. h3
h5 22. Qe1 Qe7 23. hxg4 hxg4 24. Rb3 Rad8 25. Qg3 Rd6 26. Kf2 Rh6 27. Rbb1 Rff6
28. Nc2 Rh5 29. Rh1 Rfh6 30. Rxh5 Rxh5 31. Ke2 b6 32. Kd2 c5 33. bxc5 bxc5 34.
Rb6 c4 35. d4 Qe4 36. Ne1 Rh1 37. Qf2 Qe8 38. Qe2 Qxa4 39. Rb8+ Kf7 40. Rb7+
Ke8 41. Rb8+ Kd7 42. Nc2 Kc7 43. Rb2 a5 44. g3 Rh3 45. Qf2 Qc6 46. Kc3 Rh1 47.
Ne1 Qe8 48. Ng2 a4 49. Qc2 Rh2 50. Qxf5 Rxg2 51. Rxg2 Qxe3+ 52. Kb4 Qb3+ 53.
Kc5 Qb6+ 54. Kxd5 Qc6+ 55. Ke5 Qxg2 56. Qf7+ Kb6 57. Qxc4 Qxg3 58. Qb4+ Kc7 59.
Qxa4 Qe3+ 60. Kf5 g3 61. Qa7+ Kd8 62. Qxg7 Qd3+ 63. Ke5 Qb5+ 64. Ke4 Qe2+ 65.
Kd5 Qf3+ 66. Ke5 Qe3+ 67. Kf5 Qd3+ 68. Ke5 Qb5+ 69. Ke4 Qc6+ 70. d5 Qc2+ 71.
Kf3 Qf2+ 72. Ke4 Qe2+ 73. Kf5 g2 74. Qg8+ Kc7 75. d6+ Kxd6 76. Qd8+ Kc5 77.
Qc7+ Kb4 78. Qd6+ Kc3 79. Qc6+ Kd2 80. Qb6 Qd3+ 81. Kg4 g1=Q+ 0-1

[Event "4NCL Division 3"]
[Site "Daventry Court ENG"]
[Date "2015.05.04"]
[Round "11.175"]
[White "Kreuzer, Christopher RL"]
[Black "Edgell, Ben"]
[Result "1/2-1/2"]
[WhiteElo "1945"]
[BlackElo "2139"]
[PlyCount "94"]
[EventDate "2015.05.04"]
[WhiteTeam "Cambridge University 3"]
[BlackTeam "West is Best 1"]

1. e4 e5 2. Nf3 Nc6 3. d4 exd4 4. Bc4 Nf6 5. O-O Nxe4 6. Re1 d5 7. Bxd5 Qxd5 8.
Nc3 Qh5 9. Nxe4 Be6 10. Bg5 h6 11. Bf6 Qa5 12. Nxd4 Nxd4 13. Qxd4 Qb6 14. Qa4+
Qc6 15. Qxc6+ bxc6 16. Bd4 a6 17. Bc5 O-O-O 18. Bxf8 Rhxf8 19. Nc5 Rd2 20. Rac1
a5 21. Nxe6 fxe6 22. f3 Kd7 23. Kf1 Rf5 24. Rcd1 Rfd5 25. Rxd2 Rxd2 26. Re2
Rd1+ 27. Kf2 Rb1 28. c3 c5 29. Ke3 Kd6 30. Kd3 Kd5 31. c4+ Kd6 32. Kc2 Rh1 33.
g3 Rf1 34. f4 a4 35. a3 g5 36. fxg5 hxg5 37. b3 Rf3 38. Rd2+ Ke5 39. bxa4 Rxa3
40. Rd7 Rxa4 41. Kb3 Ra7 42. h4 gxh4 43. gxh4 Ra8 44. Rxc7 Kd4 45. Rd7+ Ke5 46.
Rc7 Kd4 47. Rd7+ Ke5 1/2-1/2

[Event "4NCL Division 3"]
[Site "Daventry Court ENG"]
[Date "2015.05.04"]
[Round "11.176"]
[White "Littlejohns, David"]
[Black "Ivanov, George"]
[Result "1-0"]
[WhiteElo "1983"]
[BlackElo "1772"]
[PlyCount "109"]
[EventDate "2015.05.04"]
[WhiteTeam "West is Best 1"]
[BlackTeam "Cambridge University 3"]

1. e4 e5 2. Nf3 Nc6 3. Bb5 d6 4. d4 exd4 5. Nxd4 Bd7 6. Nxc6 bxc6 7. Bc4 Nf6 8.
Nc3 Be7 9. O-O O-O 10. Bf4 Be6 11. Bb3 Rb8 12. e5 Nd5 13. Nxd5 cxd5 14. exd6
Bxd6 15. Bxd6 Qxd6 16. c3 c6 17. Qd2 Rfd8 18. Rfe1 Qe7 19. Bd1 Qf6 20. Bf3 Bf5
21. b3 h6 22. Rac1 Rbc8 23. Qd4 Qxd4 24. cxd4 Re8 25. Rxe8+ Rxe8 26. h3 Re6 27.
Rc5 Bd3 28. Rc3 Bf5 29. Kf1 Kf8 30. Be2 Ke7 31. f3 Kd6 32. Ke1 Re7 33. Kd2 Kc7
34. a3 Kb6 35. Rc5 Bc8 36. b4 a6 37. a4 Bb7 38. Bd3 g6 39. Bc2 Re6 40. a5+ Ka7
41. Rc3 Kb8 42. Re3 Bc8 43. Rxe6 Bxe6 44. Ke3 Kc7 45. Kf4 Kd6 46. h4 Bd7 47.
Bd3 Bc8 48. g4 Ke6 49. g5 h5 50. Kg3 Ke7 51. f4 Kf8 52. f5 gxf5 53. Kf4 f6 54.
gxf6 Kf7 55. Bxf5 1-0

[Event "4NCL Division 3"]
[Site "Daventry Court ENG"]
[Date "2015.05.04"]
[Round "11.177"]
[White "Mandnikar, Atreya"]
[Black "Bullen, Alex"]
[Result "0-1"]
[WhiteElo "1734"]
[BlackElo "2004"]
[PlyCount "122"]
[EventDate "2015.05.04"]
[WhiteTeam "Cambridge University 3"]
[BlackTeam "West is Best 1"]

1. e4 c6 2. d4 d5 3. exd5 cxd5 4. Bd3 Nc6 5. c3 Qc7 6. Nf3 Bg4 7. h3 Bh5 8. O-O
Nf6 9. Be3 e6 10. Nbd2 Bd6 11. Qc2 Rc8 12. Rac1 Bg6 13. a3 O-O 14. Bxg6 hxg6
15. c4 dxc4 16. Qxc4 Qd7 17. Qd3 Nd5 18. Nc4 Rfd8 19. Rfd1 Rc7 20. Ncd2 Nf4 21.
Qf1 Qc8 22. Nc4 Nd5 23. Ncd2 Nce7 24. Ne4 Bf4 25. Bxf4 Nxf4 26. g3 Rxc1 27.
gxf4 Rxd1 28. Qxd1 Nf5 29. Nc3 Qc4 30. Ne2 Qd5 31. Nc3 Qd6 32. Ne2 Qb6 33. Qd2
Qc6 34. Qd3 Rc8 35. Nc3 Qc4 36. Qd1 a6 37. Kh2 Rd8 38. Ne2 Qd5 39. Nc3 Qd6 40.
Ne2 Qb6 41. Qd2 Nd6 42. Ne5 Qb3 43. Qc3 Qxc3 44. Nxc3 Nf5 45. Ne2 Nxd4 46. Nxd4
Rxd4 47. Kg3 Rd2 48. b4 Kf8 49. Kf3 Ke7 50. Ke3 Ra2 51. Nc4 b5 52. Ne5 Rxa3+
53. Nd3 Kd6 54. Kd4 Ra4 55. Ke3 a5 56. bxa5 Rxa5 57. Kd2 Ra2+ 58. Kc3 Ra3+ 59.
Kd4 Ra4+ 60. Kc3 Ra3+ 61. Kd4 Rxd3+ 0-1

[Event "4NCL Division 3"]
[Site "Daventry Court ENG"]
[Date "2015.05.04"]
[Round "11.178"]
[White "Gregory, Andrew M"]
[Black "Breed, Greg"]
[Result "1/2-1/2"]
[WhiteElo "1988"]
[BlackElo "1746"]
[PlyCount "44"]
[EventDate "2015.05.04"]
[WhiteTeam "West is Best 1"]
[BlackTeam "Cambridge University 3"]

1. d4 Nf6 2. Nf3 e6 3. e3 d5 4. Be2 c5 5. O-O Nc6 6. Ne5 Qb6 7. Nxc6 bxc6 8. b3
cxd4 9. exd4 Bd6 10. c4 c5 11. Nc3 cxd4 12. Na4 Qc7 13. f4 O-O 14. cxd5 Nxd5
15. Qxd4 Bb7 16. Bb2 f6 17. Rac1 Qe7 18. Bc4 Kh8 19. Bxd5 Bxd5 20. f5 Rad8 21.
Qg4 exf5 22. Qxf5 Qe3+ 1/2-1/2

[Event "4NCL Division 3"]
[Site "Daventry Court ENG"]
[Date "2015.05.04"]
[Round "11.179"]
[White "Ivanov, Elizabeth"]
[Black "Carpenter, Dai"]
[Result "0-1"]
[WhiteElo "1521"]
[BlackElo "1935"]
[PlyCount "70"]
[EventDate "2015.05.04"]
[WhiteTeam "Cambridge University 3"]
[BlackTeam "West is Best 1"]

1. e4 g6 2. d4 d6 3. f4 c6 4. Bc4 d5 5. exd5 cxd5 6. Bb3 Nf6 7. Nf3 Bg7 8. h3
Nc6 9. c3 Bf5 10. Be3 e6 11. Nbd2 h5 12. Bc2 Ne7 13. Nh4 Bxc2 14. Qxc2 O-O 15.
O-O-O Nf5 16. Nxf5 exf5 17. Rdg1 Re8 18. Bf2 Qa5 19. Kb1 Re2 20. Be1 Rae8 21.
Qd1 Qb5 22. Bh4 Ne4 23. Nb3 a5 24. Ka1 a4 25. c4 Qxc4 26. Nc1 Bxd4 27. Nxe2
Bxg1 28. Rxg1 Nd2 29. Re1 Nb3+ 30. axb3 axb3 31. Nc3 Ra8+ 32. Kb1 d4 33. Qe2 d3
34. Qe3 d2 35. Qxd2 Qa6 0-1

[Event "4NCL Division 3"]
[Site "Daventry Court ENG"]
[Date "2015.05.04"]
[Round "11.180"]
[White "Taylor, Will"]
[Black "Davidson, Alison"]
[Result "1-0"]
[WhiteElo "1977"]
[BlackElo "925"]
[PlyCount "21"]
[EventDate "2015.05.04"]
[WhiteTeam "West is Best 1"]
[BlackTeam "Cambridge University 3"]

1. e4 e5 2. Nf3 a5 3. Nxe5 Bd6 4. d4 Be7 5. Bc4 c6 6. Nxf7 Qc7 7. Nxh8 d5 8.
Qh5+ Kd8 9. Nf7+ Kd7 10. Ne5+ Ke6 11. Qf5+ 1-0

[Event "4NCL Division 3"]
[Site "Daventry Court ENG"]
[Date "2015.05.04"]
[Round "11.185"]
[White "Willmoth, Rob"]
[Black "Lambourne, Dan"]
[Result "1-0"]
[WhiteElo "2215"]
[BlackElo "2013"]
[PlyCount "119"]
[EventDate "2015.05.04"]
[WhiteTeam "Barnet Knights 1"]
[BlackTeam "MK Phoenix 2"]

1. d4 Nf6 2. c4 g6 3. Nf3 Bg7 4. g3 c6 5. Bg2 d5 6. Nbd2 O-O 7. O-O b6 8. b4
Bb7 9. Bb2 Nbd7 10. Rc1 Rc8 11. Qb3 dxc4 12. Nxc4 c5 13. dxc5 bxc5 14. b5 Bd5
15. Nfd2 Bxg2 16. Kxg2 Nb6 17. a4 Qd5+ 18. Kg1 Ne4 19. Bxg7 Nxd2 20. Nxd2 Kxg7
21. Nc4 f6 22. a5 Nd7 23. Rfd1 Qe6 24. Qa4 Rc7 25. Rd2 Rb8 26. Rcd1 Rbb7 27. e3
h5 28. h4 Qg4 29. b6 axb6 30. axb6 Ne5 31. bxc7 Nf3+ 32. Kf1 Nxd2+ 33. Rxd2
Rxc7 34. Qc2 Ra7 35. Rd1 Qf3 36. Kg1 Qc6 37. e4 Ra8 38. Qd3 Rc8 39. Qd5 Qb5 40.
Qd7 Qxd7 41. Rxd7 Kf8 42. f4 Rb8 43. Rd2 Kf7 44. Kf2 Rb4 45. Rc2 Ke6 46. Rc3 f5
47. exf5+ Kxf5 48. Kf3 e6 49. Ne3+ Kf6 50. Rxc5 Rb3 51. Ke4 Rb4+ 52. Nc4 Rb1
53. Ne5 Rb4+ 54. Rc4 Rb7 55. Rd4 Re7 56. Rd7 Rxd7 57. Nxd7+ Ke7 58. Ne5 Kf6 59.
Nf3 Ke7 60. Ke5 1-0

[Event "4NCL Division 3"]
[Site "Daventry Court ENG"]
[Date "2015.05.04"]
[Round "11.186"]
[White "Elwin, Adrian"]
[Black "Klingher, Dominic"]
[Result "1-0"]
[WhiteElo "1982"]
[BlackElo "1862"]
[PlyCount "117"]
[EventDate "2015.05.04"]
[WhiteTeam "MK Phoenix 2"]
[BlackTeam "Barnet Knights 1"]

1. d4 Nf6 2. c4 g6 3. Nc3 Bg7 4. e4 d6 5. Be2 O-O 6. Nf3 Nbd7 7. O-O c5 8. d5
Rb8 9. h3 a6 10. Qc2 Ne8 11. Bg5 Nc7 12. Rac1 b5 13. b3 h6 14. Be3 b4 15. Nd1
a5 16. Nh2 e6 17. Qd2 Nf6 18. Bd3 exd5 19. exd5 Kh7 20. f4 Re8 21. f5 g5 22.
Nf2 Kg8 23. h4 Nfxd5 24. cxd5 Nxd5 25. f6 Nxe3 26. fxg7 Nxf1 27. Rxf1 Qf6 28.
hxg5 hxg5 29. Bc4 Qf4 30. Qb2 Qe5 31. Bxf7+ Kxg7 32. Qc2 Bf5 33. Qc4 Rh8 34.
Nfg4 Qe4 35. Bd5 Qxc4 36. Bxc4 Rhf8 37. Ne3 Be4 38. Rd1 Rbd8 39. Nhg4 Kg6 40.
Nf2 Bb7 41. Bd3+ Kh5 42. g4+ Kh4 43. Nf5+ Rxf5 44. Bxf5 Kg3 45. Rd3+ Kf4 46.
Nh3+ Ke5 47. Nxg5 Bd5 48. Kf2 Rg8 49. Rxd5+ Kxd5 50. Be6+ Ke5 51. Bxg8 d5 52.
Nf3+ Ke4 53. g5 a4 54. g6 axb3 55. axb3 Kf5 56. Bxd5 Kxg6 57. Ke3 Kf5 58. Bc4
Kf6 59. Ke4 1-0

[Event "4NCL Division 3"]
[Site "Daventry Court ENG"]
[Date "2015.05.04"]
[Round "11.187"]
[White "Karia, Rishul"]
[Black "Valentine, Brian"]
[Result "1/2-1/2"]
[WhiteElo "1817"]
[BlackElo "1977"]
[PlyCount "49"]
[EventDate "2015.05.04"]
[WhiteTeam "Barnet Knights 1"]
[BlackTeam "MK Phoenix 2"]

1. e4 e5 2. Nf3 Nc6 3. d4 exd4 4. Bc4 Nf6 5. e5 d5 6. Bb5 Ne4 7. Nxd4 Bd7 8.
Bxc6 bxc6 9. O-O Bc5 10. c3 O-O 11. Nd2 Nxd2 12. Bxd2 Bb6 13. Be3 Qe7 14. Re1
Qxe5 15. Nxc6 Qf6 16. Ne7+ Qxe7 17. Bxb6 Qd6 18. Bd4 Be6 19. Qd2 f6 20. b4 Rfe8
21. Bc5 Qd7 22. Re3 a5 23. a3 axb4 24. cxb4 Bf7 25. Rae1 1/2-1/2

[Event "4NCL Division 3"]
[Site "Daventry Court ENG"]
[Date "2015.05.04"]
[Round "11.188"]
[White "Williamson, Kevin"]
[Black "Pollack, Oscar"]
[Result "1-0"]
[WhiteElo "1979"]
[BlackElo "1795"]
[PlyCount "101"]
[EventDate "2015.05.04"]
[WhiteTeam "MK Phoenix 2"]
[BlackTeam "Barnet Knights 1"]

1. d4 Nf6 2. Nc3 g6 3. e4 d6 4. f3 Nbd7 5. Be3 c5 6. Nge2 a6 7. a4 b6 8. Qd2
Bb7 9. Bh6 Bxh6 10. Qxh6 Qc7 11. Qd2 h5 12. h4 O-O-O 13. d5 Ne5 14. Nc1 Kb8 15.
b3 Rc8 16. Nd3 Nfd7 17. Nb2 f6 18. f4 Ng4 19. a5 b5 20. Bxb5 axb5 21. Nxb5 Qd8
22. a6 Ba8 23. Nc4 Bc6 24. dxc6 Rxc6 25. a7+ Ka8 26. Qd5 Qc8 27. Na5 Ne3 28.
Qxc6+ Qxc6 29. Nxc6 Nxc2+ 30. Kd2 Nxa1 31. Rxa1 Nb6 32. Nxe7 g5 33. fxg5 fxg5
34. hxg5 Rf8 35. Nc7+ Kb7 36. a8=Q+ Nxa8 37. Nxa8 Rf2+ 38. Ke3 Rxg2 39. Kf4
Rg4+ 40. Kf5 Rg3 41. g6 h4 42. Nd5 Rxb3 43. Nac7 Rf3+ 44. Ke6 Rg3 45. Kf7 Rf3+
46. Kg8 h3 47. Ne8 Kc6 48. g7 h2 49. Rh1 1-0

[Event "4NCL Division 3"]
[Site "Daventry Court ENG"]
[Date "2015.05.04"]
[Round "11.189"]
[White "Sanitt, Leo"]
[Black "Majer, Chris"]
[Result "1/2-1/2"]
[WhiteElo "1772"]
[BlackElo "1945"]
[PlyCount "102"]
[EventDate "2015.05.04"]
[WhiteTeam "Barnet Knights 1"]
[BlackTeam "MK Phoenix 2"]

1. e4 c6 2. d4 d5 3. e5 g6 4. Bd3 h5 5. Nf3 Nh6 6. Bg5 Bf5 7. O-O Qb6 8. Bxf5
Nxf5 9. b3 e6 10. Nc3 Nd7 11. Ne2 c5 12. c3 cxd4 13. cxd4 Ba3 14. Rb1 a5 15.
Bc1 Be7 16. Bb2 O-O 17. Ng3 Nxg3 18. hxg3 Nb8 19. Qd3 Nc6 20. a3 Rfc8 21. Nh4
Bxh4 22. gxh4 Na7 23. Rbc1 Qb5 24. Qxb5 Nxb5 25. a4 Na7 26. Rxc8+ Rxc8 27. Rc1
Rxc1+ 28. Bxc1 Nc6 29. Bb2 Kg7 30. Bc3 f6 31. f4 fxe5 32. fxe5 b6 33. Kf2 g5
34. hxg5 Kg6 35. Kf3 Kxg5 36. g3 Kf5 37. Bb2 Nb4 38. Bc3 Nc2 39. Bb2 Ne1+ 40.
Ke2 Nc2 41. Kf3 Nb4 42. Bc3 Nd3 43. Bd2 Nb4 44. Bxb4 axb4 45. Ke3 Kg5 46. Kf3
Kf5 47. Ke3 Kg4 48. Kf2 h4 49. gxh4 Kxh4 50. Kf3 Kh5 51. Kg3 Kg5 1/2-1/2

[Event "4NCL Division 3"]
[Site "Daventry Court ENG"]
[Date "2015.05.04"]
[Round "11.195"]
[White "Willow, Jonah B"]
[Black "Turner, John M"]
[Result "1/2-1/2"]
[WhiteElo "1888"]
[BlackElo "2027"]
[PlyCount "48"]
[EventDate "2015.05.04"]
[WhiteTeam "e2e4.org.uk 4"]
[BlackTeam "Holmes Chapel"]

1. e4 c5 2. Nf3 e6 3. d4 cxd4 4. Nxd4 Nc6 5. Nc3 Qc7 6. g3 a6 7. Bg2 Nf6 8. O-O
Be7 9. Re1 d6 10. Be3 O-O 11. a4 Nxd4 12. Bxd4 e5 13. Be3 b6 14. f4 Bb7 15.
fxe5 dxe5 16. Nd5 Nxd5 17. exd5 Rad8 18. b3 Bc5 19. c4 a5 20. Qe2 f6 21. Qf2
Rd6 22. Rad1 Bc8 23. h3 g6 24. Kh1 Kg7 1/2-1/2

[Event "4NCL Division 3"]
[Site "Daventry Court ENG"]
[Date "2015.05.04"]
[Round "11.196"]
[White "Bennett, Patrick"]
[Black "Hewitt, Sean D"]
[Result "1-0"]
[WhiteElo "1997"]
[BlackElo "1869"]
[PlyCount "75"]
[EventDate "2015.05.04"]
[WhiteTeam "Holmes Chapel"]
[BlackTeam "e2e4.org.uk 4"]

1. d4 Nf6 2. c4 g6 3. g3 Bg7 4. Bg2 O-O 5. Nf3 d5 6. cxd5 Nxd5 7. O-O c6 8. e4
Nc7 9. h3 Nd7 10. Nc3 e5 11. Bg5 Qe8 12. d5 cxd5 13. exd5 h6 14. Be3 Kh7 15.
Qc2 Qd8 16. Rad1 Ne8 17. Nh4 Nd6 18. Rfe1 b6 19. Ne4 Nxe4 20. Bxe4 f5 21. Qc6
Nf6 22. Qxa8 Nxe4 23. Qxa7 f4 24. Qxb6 fxe3 25. Qxg6+ Kg8 26. Rxe3 Nxf2 27. Rd2
Nxh3+ 28. Kh2 Rf6 29. Qd3 Qd7 30. Nf3 Rf5 31. g4 Rxf3 32. Rxf3 Nf4 33. Rxf4
exf4 34. d6 Qxg4 35. d7 Bxd7 36. Qxd7 Qg3+ 37. Kh1 f3 38. Qe6+ 1-0